000 00610nam a2200205Ia 4500
003 IN-BaIIA
008 211028s9999 xx 000 0 eng d
020 _a0-85112-375-9
040 _cIIA Library
080 _a52
_bMOO
100 _aMoore, Patrick
_93252
245 4 _aThe guinness book of astronomy
_cMoore, Patrick
250 _a3rd ed.
260 _aLondon
_bGuinness Publications
_c1988
300 _a288p.
650 _aAstronomy
_980
650 _aAstronomy -- Handbooks, manuals
_916502
650 _aAstronomy and astrophysics thesaurus
942 _cBK
999 _c9749
_d9749